000 00660nam a2200229 4500
008 b xx# fre u
010 _a49281
020 _a2842481429
020 _a9782842481421
040 _aLB-BrCRDP
082 _aF:F/F587m
100 1 _aFlaubert, Gustave, 1821-1880
130 0 _lFR
245 1 0 _aMadame Bovary
_cGustave Flaubert; apparat critique de Philippe Marchand
260 _aParis
_bSGED
_c1999
300 _a362p. :
_bphotos ;
_c21cm
490 0 _aCol. Nationale des grands auteurs
500 _aNotes à la fin du livre
700 1 0 _aMarchand, Philippe, éd.
942 _cBK
999 _c12349
_d12349